000 00519nam a22001817a 4500
005 20230124040326.0
008 230124b |||||||| |||| 00| 0 eng d
020 _a971-8636-69-2
082 _a004 Et85 1987
100 _aEttlin, Walter A.
_eauthor
245 _aWordstar 4.0:
_bmade easy /
_cWalter A. Ettlin
260 _aCalifornia:
_bOsborne McGraw-Hill,
_cc1987.
300 _axvii, 253p.;
_bill.
500 _aIncludes index
541 _e2115
650 _aWord processing
650 _aWordstar (Computer file)
999 _c641
_d641